000 00946nam a2200265 a 4500
001 000042098
003 OSt
005 20240410073848.0
008 081030s2013 dr 001 0 spa d
020 _z9789945462616
040 _aDO-SdBNP
_bspa
_cBNPHU
049 _aBNPD
082 4 _a923.27293
_bD812G
_222
100 1 _aGarcía Lluveres, Alcides,
_d1912-
_969093
245 1 3 _aDuarte y su época /
_cAlcides García Lluveres.
260 _aSanto Domingo :
_bComisión Nacional de Efemérides Patria,
_c2013.
300 _a520 p. ;
_c24 cm.
490 1 _aBicentenario del natalicio de Juan Pablo Duarte
_v2
504 _aIncluye bibliografía y notas al pie de páginas.
600 1 0 _aDuarte, Juan Pablo,
_d1813-1876
_91494
651 0 _aRepública Dominicana --
_xHistoria --
_y1844-1930
_91009
830 0 _aBicentenario del natalicio de Juan Pablo Duarte
_n2
_969094
910 _aValidado. Control de calidad EMS.
942 _2ddc
_cLBS1
999 _c41587
_d41587